000 00383nam a22001331 4500
082 0 0 _a551.02462
_bDAP
_cL-15, P-1
100 1 _aDapples, Edward C.
_940408
245 1 0 _aBasic geology for science and engineering.
260 _aNew York,
_bWiley
_c[1959]
300 _avii, 609 p.
_billus.
_c24 cm.
526 _a0
_b0
_c0
_d551_024620000000000_DAP
650 0 _aGeology.
942 _2ddc
_cBK
999 _c544708
_d544708